Catalog

Record Details

Catalog Search



Sheine Lende : a prequel to Elatsoe / Darcie ... Read More

Series: Elatsoe ; 0

Available copies

  • 2 of 2 copies available at LARL/NWRL Consortium.

Current holds

0 current holds with 2 total copies.

Show All Copies
Location Call Number / Copy Notes Barcode Shelving Location Status Due Date
Detroit Lakes Public Library Y LIT (Text) 33500014030886 Main Available -
Moorhead Public Library Y LIT (Text) 33500014030878 Main Available -

Record details

  • ISBN: 9781646143795
  • ISBN: 1646143795
  • Physical Description: 387 pages : illustrations ; 22 cm.
  • Publisher: Montclair, [New Jersey] : Levine Querido, 2024.

Content descriptions

General Note:
Prequel to Elatsoe by Darcie Little Badger.
Series statement from Goodreads.
Summary, etc.:
"Shane works with her mother and their ghost dogs, ... Read More
Subject: Apache Indians > Fiction.
Apache girls > Fiction.
Indians of North America > Legends > Fiction.
Indians of North America > Folklore > Fiction.
Magic > Fiction.
Animal ghosts > Fiction.
Missing persons > Investigation > Fiction.
Apache Indians > Fiction.
Indians of North America > Legends > Fiction.
Indians of North America > Folklore > Fiction.
Magic > Fiction.
Missing persons > Investigation > Fiction.
Genre: Paranormal fiction.
Fantasy fiction.
Mystery fiction.
Young adult fiction.
Paranormal fiction.
Fantasy fiction.
Detective and mystery fiction.
LDR 03443cam a2200697 i 4500
001434557
003LARL_NWRL_CONSORTIUM
00520240726193904.0
008230816t20242024njua d 000 1 eng d
010 . ‡a 2023940120
040 . ‡aYDX ‡beng ‡erda ‡cYDX ‡dVRP ‡dHBP ‡dSO$ ‡dOCLCO ‡dRNL ‡dRB0 ‡dOCLCO ‡dZ#6 ‡dGCV ‡dDYJ ‡dTOH ‡dAMH ‡dIPU ‡dOCO ‡dEHH ‡dJQM ‡dIUK ‡dYU6 ‡dOCLCO ‡dMZG ‡dTJT ‡dYDX
019 . ‡a1427219099
020 . ‡a9781646143795 ‡qhardcover
020 . ‡a1646143795 ‡qhardcover
035 . ‡a(OCoLC)1393525270 ‡z(OCoLC)1427219099
08204. ‡a813/.6 ‡223/eng/20240123
1001 . ‡aLittle Badger, Darcie, ‡d1987- ‡eauthor. ‡1https://id.oclc.org/worldcat/entity/E39PCjD9fFBbChPcwDMHFMVvxP
24510. ‡aSheine Lende : ‡ba prequel to Elatsoe / ‡cDarcie Little Badger ; illustrated by Rovina Cai.
264 1. ‡aMontclair, [New Jersey] : ‡bLevine Querido, ‡c2024.
264 4. ‡c©2024
300 . ‡a387 pages : ‡billustrations ; ‡c22 cm.
336 . ‡atext ‡btxt ‡2rdacontent
336 . ‡astill image ‡bsti ‡2rdacontent
337 . ‡aunmediated ‡bn ‡2rdamedia
338 . ‡avolume ‡bnc ‡2rdacarrier
4900 . ‡aElatsoe ; ‡v0
500 . ‡aPrequel to Elatsoe by Darcie Little Badger.
500 . ‡aSeries statement from Goodreads.
520 . ‡a"Shane works with her mother and their ghost dogs, tracking down missing persons even when their families can't afford to pay. Their own family was displaced from their traditional home years ago following a devastating flood and the loss of Shane's father and her grandparents. They don't think they'll ever get their home back. Then Shane's mother and a local boy go missing, after a strange interaction with a fairy ring. Shane, her brother, her friends, and her lone, surviving grandparent, who isn't to be trusted, set off on the road to find them. But they may not be anywhere in this world, or this place in time. Nevertheless, Shane is going to find them."--Provided by publisher.
650 0. ‡aApache Indians ‡vFiction. ‡0(LARL_NWRL_CONSORTIUM)163423
650 0. ‡aApache girls ‡vFiction.
650 0. ‡aIndians of North America ‡xLegends ‡vFiction.
650 0. ‡aIndians of North America ‡xFolklore ‡vFiction.
650 0. ‡aMagic ‡vFiction. ‡0(LARL_NWRL_CONSORTIUM)165984
650 0. ‡aAnimal ghosts ‡vFiction.
650 0. ‡aMissing persons ‡xInvestigation ‡vFiction. ‡0(LARL_NWRL_CONSORTIUM)173417
650 1. ‡aApache Indians ‡vFiction. ‡0(LARL_NWRL_CONSORTIUM)163423
650 1. ‡aIndians of North America ‡xLegends ‡vFiction.
650 1. ‡aIndians of North America ‡xFolklore ‡vFiction.
650 1. ‡aMagic ‡vFiction. ‡0(LARL_NWRL_CONSORTIUM)165984
650 1. ‡aMissing persons ‡xInvestigation ‡vFiction. ‡0(LARL_NWRL_CONSORTIUM)173417
655 0. ‡aParanormal fiction.
655 0. ‡aFantasy fiction.
655 0. ‡aMystery fiction.
655 7. ‡aYoung adult fiction. ‡2gsafd
655 7. ‡aParanormal fiction. ‡2lcgft
655 7. ‡aFantasy fiction. ‡2lcgft
655 7. ‡aDetective and mystery fiction. ‡2lcgft
7001 . ‡aCai, Rovina, ‡d1988- ‡eillustrator. ‡1https://id.oclc.org/worldcat/entity/E39PCjChCpgtp8txwPxRbBh9ym
901 . ‡a434557 ‡bOCoLC ‡c434557 ‡tbiblio ‡soclc

Additional Resources